<?xml version="1.0" encoding="UTF-8"?>
<collection xmlns="http://www.loc.gov/MARC21/slim">
<record>
  <controlfield tag="001">198290</controlfield>
  <controlfield tag="005">20230208173602.0</controlfield>
  <datafield tag="024" ind1="7" ind2=" ">
    <subfield code="a">G:(EU-Grant)687352</subfield>
    <subfield code="d">687352</subfield>
    <subfield code="2">CORDIS</subfield>
  </datafield>
  <datafield tag="024" ind1="7" ind2=" ">
    <subfield code="a">G:(EU-Call)H2020-Galileo-2015-1</subfield>
    <subfield code="d">H2020-Galileo-2015-1</subfield>
    <subfield code="2">CORDIS</subfield>
  </datafield>
  <datafield tag="024" ind1="7" ind2=" ">
    <subfield code="a">corda__h2020::687352</subfield>
    <subfield code="2">originalID</subfield>
  </datafield>
  <datafield tag="035" ind1=" " ind2=" ">
    <subfield code="a">G:(EU-Grant)687352</subfield>
  </datafield>
  <datafield tag="150" ind1=" " ind2=" ">
    <subfield code="a">SKYOPENER - establishing new foundations for the use of Remotely-Piloted Aircraft Systems for civilian applications.</subfield>
    <subfield code="y">2016-05-01 - 2019-06-30</subfield>
  </datafield>
  <datafield tag="371" ind1=" " ind2=" ">
    <subfield code="a">CONNECTIV-IT</subfield>
    <subfield code="d">France</subfield>
    <subfield code="e">http://www.connectiv-it.com</subfield>
    <subfield code="v">CORDIS</subfield>
  </datafield>
  <datafield tag="371" ind1=" " ind2=" ">
    <subfield code="a">VIASAT ANTENNA SYSTEMS SA</subfield>
    <subfield code="b">VIASAT ANTENNA SYSTEMS SA</subfield>
    <subfield code="d">Switzerland</subfield>
    <subfield code="e">http://www.viasat.com</subfield>
    <subfield code="v">CORDIS</subfield>
  </datafield>
  <datafield tag="371" ind1=" " ind2=" ">
    <subfield code="a">UNIFLY</subfield>
    <subfield code="d">Belgium</subfield>
    <subfield code="e">http://www.unifly.aero</subfield>
    <subfield code="v">CORDIS</subfield>
  </datafield>
  <datafield tag="371" ind1=" " ind2=" ">
    <subfield code="a">BLYENBURGH &amp; CO SARL</subfield>
    <subfield code="b">B &amp; C</subfield>
    <subfield code="d">France</subfield>
    <subfield code="e">http://www.uvs-info.com</subfield>
    <subfield code="v">CORDIS</subfield>
  </datafield>
  <datafield tag="371" ind1=" " ind2=" ">
    <subfield code="a">Sapienza University of Rome</subfield>
    <subfield code="b">Sapienza University of Rome</subfield>
    <subfield code="d">Italy</subfield>
    <subfield code="e">http://www.uniroma1.it/</subfield>
    <subfield code="v">CORDIS</subfield>
  </datafield>
  <datafield tag="371" ind1=" " ind2=" ">
    <subfield code="a">M3 SYSTEMS SAS</subfield>
    <subfield code="b">M3S</subfield>
    <subfield code="d">France</subfield>
    <subfield code="e">http://www.m3systems.net</subfield>
    <subfield code="v">CORDIS</subfield>
  </datafield>
  <datafield tag="371" ind1=" " ind2=" ">
    <subfield code="a">SKYGUIDE, SA SUISSE POUR LES SERVICES DE LA NAVIGATION AERIENNE CIVILS ET MILITAIRES</subfield>
    <subfield code="b">SKYGUIDE</subfield>
    <subfield code="d">Switzerland</subfield>
    <subfield code="e">http://www.skyguide.ch</subfield>
    <subfield code="v">CORDIS</subfield>
  </datafield>
  <datafield tag="372" ind1=" " ind2=" ">
    <subfield code="a">H2020-Galileo-2015-1</subfield>
    <subfield code="s">2016-05-01</subfield>
    <subfield code="t">2019-06-30</subfield>
  </datafield>
  <datafield tag="450" ind1=" " ind2=" ">
    <subfield code="a">SKYOPENER</subfield>
    <subfield code="w">d</subfield>
    <subfield code="y">2016-05-01 - 2019-06-30</subfield>
  </datafield>
  <datafield tag="510" ind1="1" ind2=" ">
    <subfield code="0">I:(DE-588b)5098525-5</subfield>
    <subfield code="a">European Union</subfield>
    <subfield code="2">CORDIS</subfield>
  </datafield>
  <datafield tag="680" ind1=" " ind2=" ">
    <subfield code="a">SKYOPENER will increase the use of Remotely-Piloted Aircraft Systems (RPAS) for civilian applications by contributing to the European RPAS Steering Group's roadmap for the integration of civil RPAS into the European Aviation System. SKYOPENER will provide a whole operational process and a system that will demonstrate higher capability through Communication, Navigation and Surveillance innovations in RPAS. The SKYOPENER system will be designed, in the first instance, for specific operations for tactical RPAS, that are under 25kilos but subject to national aviation authority regulation, operating at Very Low Level of operation (under 500ft). 
SKYOPENER will include live trials in Switzerland for which we will gather stakeholders implicated in the operations of RPAS including RPAS operators, civil aviation authorities, air navigation service providers, RPAS manufacturers, satcom service providers etc.
The newly developed system will be the result of the integration of a range of components which will combine technologies such as GNSS, satcom and security tools. GNSS will be used for the safety navigation of RPAS. The project will provide a command and control link that uses communication through multi-band satellite and radio and will address the redundancy issue of communication systems It will also feature a surveillance system with detect and avoid functions that will be based on GNSS, system wide information management and satcom. Such a system will be less costly, less complex, lighter and easier to roll out than those that are currently using mode-S transponders. 
SKYOPENER project brings together a seven partner team with a range of expertise and skills. Additionally we will include in the project a stakeholder group which will advise on the requirements of the project, witness the trial operations and support in the dissemination of results from the project. The range of partners, stakeholders and European associations give SKYOPENER a European scope.</subfield>
  </datafield>
  <datafield tag="909" ind1="C" ind2="O">
    <subfield code="o">oai:juser.fz-juelich.de:822937</subfield>
    <subfield code="p">authority:GRANT</subfield>
    <subfield code="p">authority</subfield>
  </datafield>
  <datafield tag="970" ind1=" " ind2=" ">
    <subfield code="a">oai:dnet:corda__h2020::bed131578c5f42a6309b1e0e1ab81005</subfield>
  </datafield>
  <datafield tag="980" ind1=" " ind2=" ">
    <subfield code="a">G</subfield>
  </datafield>
  <datafield tag="980" ind1=" " ind2=" ">
    <subfield code="a">CORDIS</subfield>
  </datafield>
  <datafield tag="980" ind1=" " ind2=" ">
    <subfield code="a">AUTHORITY</subfield>
  </datafield>
  <datafield tag="909" ind1="C" ind2="O">
    <subfield code="o">oai:juser.fz-juelich.de:822937</subfield>
  </datafield>
</record>
</collection>